| 000 | 00668nam a22002177a 4500 | ||
|---|---|---|---|
| 999 |
_c6525 _d6525 |
||
| 001 | 6940 | ||
| 003 | BD-DhUAP | ||
| 005 | 20210103155910.0 | ||
| 008 | 201109s2002 bg b 000 0 eng d | ||
| 040 |
_aBD-DhAAL _bEng _cBD-DhUAP |
||
| 082 | 0 | 0 |
_a954.035092 GAN _223 |
| 100 | _aGandhi, M. K. | ||
| 245 |
_aAn autobiography : _bor the story of my experiments with truth / _cM. K. Gandhi ; translated by Mahadev Desai. |
||
| 250 | _a1st ed. | ||
| 260 |
_aDelhi : _bNavajivan, _cc1927. |
||
| 300 |
_aix, 420 pages ; _c18 cm. |
||
| 600 |
_aGandhi, Mahatma _v1869-1948 _zIndia. |
||
| 650 |
_aPolitics and government _zIndia. |
||
| 700 | _aDesai, Mahadev. | ||
| 942 |
_2ddc _cBK |
||